Ephesian studies. (Record no. 5837)

000 -LEADER
fixed length control field 00621nam a2200181 a 4500
001 - CONTROL NUMBER
control field :::00003579$&:&@@
003 - CONTROL NUMBER IDENTIFIER
control field OkBaRHE
005 - DATE AND TIME OF LATEST TRANSACTION
control field 20110415115421.0
008 - FIXED-LENGTH DATA ELEMENTS--GENERAL INFORMATION
fixed length control field s1900 j 000 0 eng u
040 ## - CATALOGING SOURCE
Transcribing agency
100 1# - MAIN ENTRY--PERSONAL NAME
Personal name Moule, Handley Carr Glyn, 1841-1920.
245 10 - TITLE STATEMENT
Title Ephesian studies.
260 ## - PUBLICATION, DISTRIBUTION, ETC. (IMPRINT)
Place of publication, distribution, etc London, UK:EN., :
Name of publisher, distributor, etc Hodder and Stoughton
Date of publication, distribution, etc 1900
300 ## - PHYSICAL DESCRIPTION
Extent ix, 340 p. ;
Dimensions 21 cm.
650 ## - SUBJECT ADDED ENTRY--TOPICAL TERM
Topical term or geographic name as entry element Bible New Testament Ephesians
General subdivision Commentaries
942 ## - ADDED ENTRY ELEMENTS (KOHA)
Source of classification or shelving scheme
Koha item type Books
Copies
Full call number Source of classification or shelving scheme Koha item type Withdrawn status Price effective from Damaged status Not for loan Total Checkouts Date checked out Shelving location Date last seen Barcode Lost status Date acquired Copy number Current Location Permanent Location
BS 2695 .M66 Books 2010-04-14  12011-04-06General Stacks2018-04-033579 2010-04-141RHEMA Bible Training CollegeRHEMA Bible Training College